000
00276nam a22001097a 4500
041
_a
eng
080
_a
80
100
_a
Лебединская, Б. Я.
245
_a
Фонетический практикум по англ. языку.
650
_a
Phonetics
999
_c
279818
_d
279818
942
_c
BK